Mahatma Gandhi (Record no. 1223112)

MARC details
000 -LEADER
fixed length control field 00534nam a2200193Ia 4500
008 - FIXED-LENGTH DATA ELEMENTS--GENERAL INFORMATION
fixed length control field 151121s9999||||xx |||||||||||||| ||und||
082 ## - DEWEY DECIMAL CLASSIFICATION NUMBER
Classification number 080/POL
082 ## - DEWEY DECIMAL CLASSIFICATION NUMBER
Item number HNW-26539
100 ## - MAIN ENTRY--PERSONAL NAME
Personal name Polak H।S।L। & Brailsford H। N।
245 ## - TITLE STATEMENT
Title Mahatma Gandhi
260 ## - PUBLICATION, DISTRIBUTION, ETC. (IMPRINT)
Name of publisher, distributor, etc Jaico Pub। Bombay।
260 ## - PUBLICATION, DISTRIBUTION, ETC. (IMPRINT)
Date of publication, distribution, etc --
300 ## - PHYSICAL DESCRIPTION
Extent 355
600 ## - SUBJECT ADDED ENTRY--PERSONAL NAME
Personal name Polak H।S।L। & Brailsford H। N।
630 ## - SUBJECT ADDED ENTRY--UNIFORM TITLE
Uniform title Mahatma Gandhi
700 ## - ADDED ENTRY--PERSONAL NAME
Personal name Polak H।S।L। & Brailsford H। N।
730 ## - ADDED ENTRY--UNIFORM TITLE
Uniform title Mahatma Gandhi
942 ## - ADDED ENTRY ELEMENTS (KOHA)
Koha item type Book
Holdings
Withdrawn status Lost status Damaged status Not for loan Home library Current library Date acquired Total Checkouts Full call number Barcode Date last seen Price effective from Koha item type
        Hirachand Nemchand Wachanalaya, Solapur Hirachand Nemchand Wachanalaya, Solapur 11/21/2015   HNW-26539 HNW-26539 11/21/2015 11/21/2015 Book